|
|
|
|
| LEADER |
00000cam a2200000 7i4500 |
| 001 |
0000002184 |
| 005 |
20030606.0 |
| 090 |
0 |
0 |
|a 333.73095
|b SAM 1984
|
| 110 |
1 |
0 |
|a SAM Seminar on "Problems of Development, Environment and the Natural Resource Crisis in Asia-Pacific"
|k 1983
|j Penang, Malaysia
|
| 245 |
1 |
0 |
|a Environment, development & natural resource crisis in Asia & the Pacific :
|b proceedings of the symposium, Penang, 22-25 October 1983
|
| 260 |
0 |
0 |
|a Penang :
|b SAM ,
|c 1984
|
| 300 |
|
|
|a 422 p. :
|b ill., maps ;
|c 24 cm.
|
| 500 |
0 |
0 |
|a Includes bibliographies
|
| 650 |
0 |
0 |
|a Environmental policy
|z Asia
|x Congresses
|
| 650 |
0 |
0 |
|a Environmental policy
|z Oceania
|x Congresses
|
| 650 |
0 |
0 |
|a Natural resources
|x Government policy
|z Asia
|x Congresses
|
| 650 |
0 |
0 |
|a Natural resources
|x Government policy
|z Oceania
|x Congresses
|
| 651 |
0 |
0 |
|a Asia
|x Economic policy
|x Congresses
|
| 651 |
0 |
0 |
|a Oceania
|x Economic policy
|x Congresses
|
| 710 |
1 |
1 |
|a Sahabat Alam Malaysia (SAM)
|
| 998 |
|
|
|a JPSM
|
| 999 |
|
|
|a 0000004152
|b Monograph
|c Open Shelf
|e Default branch
|